| 000 | 00676nam a2200193 i 4500 | ||
|---|---|---|---|
| 001 | 42984 | ||
| 003 | ES-MaACL | ||
| 007 | t| | ||
| 008 | 030314s1951 sp ||||1| spa d | ||
| 100 | 1 |
_aCastro, José. _936865 |
|
| 245 | 1 | 3 |
_aEl limón, sus aplicaciones medicinales y sus contraindicaciones _b: trofoterapia cítrica, eutrofología y trofoprofilaxis... / _cJosé Castro. |
| 250 | _a2º ed. | ||
| 260 |
_aValencia : _bTorrente, _c[1951] ( _fGráf. Vidal) |
||
| 300 |
_a120 p. ; _c22 cm. |
||
| 490 | 1 | _aBiblioteca de naturismo eutrofológico | |
| 830 | 0 |
_aBiblioteca de naturismo eutrofológico _9229850 |
|
| 852 |
_aES-MaACL _jC-6220 _bR.33002 |
||
| 999 |
_c42984 _d42984 |
||